000
00305nam a2200121Ia 4500
008
190216s9999||||xx |||||||||||||| ||und||
100
_a
"Sing P P, Jinendar Kumar N"
245
0
_a
Customer Relationship Management
260
_b
Regal Publications
_c
2009
300
_a
349
650
_a
Commerce
942
_c
BK
999
_c
8058
_d
8058